Can building form and function be used to predict the costs of mechanical and electrical services? (Record no. 100151)

MARC details
000 -LEADER
fixed length control field 01504cam a2200301 4500
008 - FIXED-LENGTH DATA ELEMENTS--GENERAL INFORMATION
fixed length control field 000000n2000 000 0 eng u
020 ## - INTERNATIONAL STANDARD BOOK NUMBER
International Standard Book Number 085406995X
022 ## - INTERNATIONAL STANDARD SERIAL NUMBER
International Standard Serial Number 1354-506X
035 ## - SYSTEM CONTROL NUMBER
System control number (Sirsi) u103739
041 ## - LANGUAGE CODE
Language code of text/sound track or separate title eng
050 ## - LIBRARY OF CONGRESS CALL NUMBER
Classification number 692.5
100 ## - MAIN ENTRY--PERSONAL NAME
Personal name Swaffield, Lisa
245 ## - TITLE STATEMENT
Title Can building form and function be used to predict the costs of mechanical and electrical services?
260 ## - PUBLICATION, DISTRIBUTION, ETC.
Place of publication, distribution, etc. London
Name of publisher, distributor, etc. RICS Research Foundation
Date of publication, distribution, etc. 2000
300 ## - PHYSICAL DESCRIPTION
Extent 28p.
Dimensions 30cm.
490 ## - SERIES STATEMENT
Series statement RICS Foundation Research Papers
Volume/sequential designation 3(6)
520 ## - SUMMARY, ETC.
Summary, etc. Discusses existing methods of pre-design cost estimating for the mechanical and electrical (M and E) services elements of building projects. The research found that there were serious deficiencies in the availability, format and detail of cost information for M and E services, which prohibited further advances to research in this area. It concludes that there are relationships between building form and function and M and E service costs, but qualifies this by saying that the influence of M and E services quality could not be examined, due to lack of suitable qualitative data.
650 ## - SUBJECT ADDED ENTRY--TOPICAL TERM
Topical term or geographic name entry element BUILT ENVIRONMENT-BUILDING COSTS
650 ## - SUBJECT ADDED ENTRY--TOPICAL TERM
Topical term or geographic name entry element Block management
9 (RLIN) 6220
650 ## - SUBJECT ADDED ENTRY--TOPICAL TERM
Topical term or geographic name entry element ELECTRICAL SERVICES
650 ## - SUBJECT ADDED ENTRY--TOPICAL TERM
Topical term or geographic name entry element BCIS
650 ## - SUBJECT ADDED ENTRY--TOPICAL TERM
Topical term or geographic name entry element BUDGETS
690 ## - LOCAL SUBJECT ADDED ENTRY--TOPICAL TERM (OCLC, RLIN)
Topical term or geographic name as entry element BUILT ENVIRONMENT-BUILDING COSTS
700 ## - ADDED ENTRY--PERSONAL NAME
Personal name Pasquire, Christine
700 ## - ADDED ENTRY--PERSONAL NAME
Personal name Tyler, Alan
710 ## - ADDED ENTRY--CORPORATE NAME
Corporate name or jurisdiction name as entry element Royal Institution of Chartered Surveyors
Subordinate unit Research Foundation
9 (RLIN) 3861
942 ## - ADDED ENTRY ELEMENTS (KOHA)
Suppress in OPAC 0
Holdings
Withdrawn status Lost status Source of classification or shelving scheme Damaged status Not for loan Home library Current library Shelving location Date acquired Total Checkouts Full call number Barcode Date last seen Copy number Price effective from Koha item type Date last checked out
    Dewey Decimal Classification     London London RICS Boxes 24/01/2000   RICS 2000/4 30060545 06/08/2019 1 06/08/2019 Archive  
    Dewey Decimal Classification     London London RICS Boxes 24/01/2000   RICS 2000/4 30060546 06/08/2019 2 06/08/2019 Reference material  
    Dewey Decimal Classification     London London RICS Boxes 24/01/2000 2 RICS 2000/4 30060547 06/08/2019 4 06/08/2019 Book 27/02/2004